Normal view
MARC view
- Polyakov, G .
Entry Personal Name
001 - CONTROL NUMBER
- control field: 1760
003 - CONTROL NUMBER IDENTIFIER
- control field: OSt
005 - DATE AND TIME OF LATEST TRANSACTION
- control field: 20161014124733.0
008 - FIXED-LENGTH DATA ELEMENTS
- fixed length control field: 161014|| aca||aabn | a|a d
040 ## - CATALOGING SOURCE
- Original cataloging agency: OSt
- Transcribing agency: OSt
100 ## - HEADING--PERSONAL NAME
- Personal name: Polyakov, G .
670 ## - SOURCE DATA FOUND
- Source citation: Work cat.: (OSt)1954: Polyakov, G ., Industrial Wiring / , 1961.
